000 00722nam a22002297a 4500
005 20170124110232.0
010 _aB-162103
020 _c550.00
_a8171771653
035 _aB-162103
037 _bCen Lib/Ret
040 _aDPL
_bEN
082 _a343.54096
_bSAH
100 _aSahray, H.K.
_941456
245 _aThe law of carriage of goods by sea and air /
_cby H.K. Saharay
260 _aKolkata
_bEastern Law House
_c2004
270 _bKolkata
_a54, ganesh chunder avenue
_e700013
300 _a593p.
_c21cm(Hb)
500 _aIncludes glossary, appendix and index
650 _aContracts, Maritime
_y
_941457
650 _aFreight and freightage
_941458
942 _2ddc
_cEN
_h343.54096
_mSAH
999 _c134690
_d134690